000 00693nam a2200241Ia 4500
003 OSt
005 20221005041538.0
006 a|||||r|||| 00| 0
007 ta
008 221004b |||||||| |||| 00| 0 eng d
024 _a122519
037 _bGift, 29/10/2012,
_cTextual
040 _aCRL
_cCRL
_beng
041 _2eng
_aeng
082 _aV2:212xM88z7.J6<-J2, J6
100 _aRadhakrishnan S
245 0 _aOccasional speeches and writings
260 _aDelhi
_bPublciations Division
_c1956
300 _a446p.
_ccm.
650 _aHISTORY
942 _hV2:212xM88z7.J6<-J2, J6
_cTEXL
_2cc
999 _c948666
_d948666